• 首页
  • 本馆介绍
  • 公告通知
  • 最新文献
  • 馆藏检索
  • 电子资源
  • 读者导购
  • 参考咨询
  • 我的图书馆
  • 登录
  • 详细信息显示
  • 放入我的书架
  • 预约/预借图书
  • 作者相关作品
  • 分类相关作品
  • 丛书相关作品
  • 出版社相关作品

书目信息

  • 表格格式
  • 工作单格式
  • 卡片格式
题名:
世界近代现代史
    
 
作者: ;人民教育出版社历史室 编著
分册: 上册·必修  
出版信息: 北京   人民教育出版社  1995
页数: 155页
开本: 26cm
丛书名:
单 册:
中图分类: G634.52
科图分类:
主题词: 教育--各级
电子资源:
ISBN:
000 00703nam0 2200217 450
001 0632300265
005 20070723185408.57
010    @dCNY5.55@z7-107-02139-8
100    @a20061023d1995 km y0chiy0120 ea
101 0  @achi
102    @aCN@b110000
200 1  @a世界近代现代史@Ashi jie jin dai xian dai shi@h上册·必修@f人民教育出版社历史室编著@Fren min jiao yu chu ban she li shi shi bian zhu
205    @a2版
210    @a北京@c人民教育出版社@d1995@h1996
215    @a155页@d26cm
300    @a高级中学课本
606 0  @a教育@x各级
690    @aG634.52@v3
711  0 @a人民教育出版社历史室@Aren min jiao yu chu ban she li shi shi@4编著
801  0 @aCN@bPFT@c20070723
905    @a10447@dG634.52@e780:1=2
    
    世界近代现代史.上册·必修/人民教育出版社历史室编著.-2版.-北京:人民教育出版社,1995(1996)
    155页;26cm
    高级中学课本
    
    ISBN :CNY5.55
    
●
相关链接 在E读中查询图书 在五车中查询图书 在当当中查询图书 在豆瓣中查询图书


正题名:世界近代现代史     索取号:G634.52/780:1=2         预约/预借

序号 登录号 条形码 馆藏地/架位号 状态 备注
1 0654075   206540750   第一样本阅览室/ [索取号:G634.52/780:1=2] 在馆    
2 0765514   207655143   密集书库/ [索取号:G634.52/780:1=2] 在馆    
3 0768547   207685478   密集书库/ [索取号:G634.52/780:1=2] 在馆    
4 0768551   207685511   密集书库/ [索取号:G634.52/780:1=2] 在馆    
5 0783094   207830944   密集书库/ [索取号:G634.52/780:1=2] 在馆    
唐山师范学院图书馆 欢迎您!
大连网信软件有限公司© 版权所有